BIBLIOTECA PODER JUDICIAL
Portal Judicial TDF

Los alimentos provisorios no son un piso ni la resolución que los otorga constituye cosa juzgada / (Registro nro. 5265)

000 -LEADER
fixed length control field 01052nab a22002297a 4500
003 - CONTROL NUMBER IDENTIFIER
control field OSt
005 - DATE AND TIME OF LATEST TRANSACTION
control field 20250312062538.0
008 - FIXED-LENGTH DATA ELEMENTS--GENERAL INFORMATION
fixed length control field 190603e xxum|||| |||| 00| 0 spa d
040 ## - CATALOGING SOURCE
Transcribing agency PJ
100 ## - MAIN ENTRY--PERSONAL NAME
Personal name Leonardi, Juan Manuel
9 (RLIN) 5456
245 13 - TITLE STATEMENT
Title Los alimentos provisorios no son un piso ni la resolución que los otorga constituye cosa juzgada /
Statement of responsibility, etc Juan Manuel Leonardi.
260 ## - PUBLICATION, DISTRIBUTION, ETC. (IMPRINT)
Date of publication, distribution, etc Ciudad Autónoma de Buenos Aires :
Place of publication, distribution, etc Thomson Reuters La Ley,
Name of publisher, distributor, etc 2025.
300 ## - PHYSICAL DESCRIPTION
Extent p. 225-228.
500 ## - GENERAL NOTE
General note Cita Online: TR LALEY AR/DOC/50/2025.<br/>Publicado en: RCCyC 2025 (febrero) , 225.
505 ## - FORMATTED CONTENTS NOTE
Formatted contents note Fallo comentado: ST Corrientes ~ 18/09/2024 ~ M. C. E. c. S. P. E. s/ alimentos.
505 ## - FORMATTED CONTENTS NOTE
Title ¿Te interesa el texto completo? Solicitalo al correo: koha@justierradelfuego.gov.ar
650 #0 - SUBJECT ADDED ENTRY--TOPICAL TERM
9 (RLIN) 967
Topical term or geographic name as entry element DERECHO DE FAMILIA
650 #0 - SUBJECT ADDED ENTRY--TOPICAL TERM
9 (RLIN) 968
Topical term or geographic name as entry element ALIMENTOS
650 #0 - SUBJECT ADDED ENTRY--TOPICAL TERM
9 (RLIN) 6320
Topical term or geographic name as entry element ALIMENTOS PROVISORIOS
773 0# - HOST ITEM ENTRY
Host Biblionumber 2713
Host Itemnumber 3170
Place, publisher, and date of publication Ciudad Autónoma de Buenos Aires : Thomson Reuters La Ley, 2015-
Title Revista Código Civil y Comercial. Nº 1 - Febrero 2025
942 ## - ADDED ENTRY ELEMENTS (KOHA)
Source of classification or shelving scheme
Koha item type Analítica Artículo de Revista

No hay ítems disponibles.

12 de Octubre 789 Ushuaia - Tel:  54(02901)441571
Horario de Atención: 8.00 a 17.00 hs. 
bibliotecaush@justierradelfuego.gov.ar
koha@justierradelfuego.gov.ar
Seguinos en nuestras redes @bibliojustdf 

Con tecnología Koha